« Retourner aux résultats de recherche
Petit traité Rustica des soins bio au potager (Le)
| Auteur principal: | Valérie Garnaud |
|---|---|
| D'autres auteurs: | Pierre Aversencq |
| Support: | Livres |
| Langue: | Francais |
| Genre: |
Documentaire |
| Sujets: | |
| Étiquettes: |
Ajouter
Pas de Tags !
|
| LEADER | 00797nam0a2200193 450 | ||
|---|---|---|---|
| 001 | 16847971 | ||
| 010 | |a 978-2-8153-0314-9 |b rel. |d 19,95 | ||
| 100 | |a 20130430d2013 u u0frey01 ba | ||
| 101 | 0 | |a fre | |
| 102 | |a FR | ||
| 200 | 0 | |a Petit traité Rustica des soins bio au potager (Le) |f Valérie Garnaud et Pierre Aversencq | |
| 207 | 1 | |a | |
| 215 | |a 207 p. |c illustrations en couleur |d 23 x 19 cm | ||
| 330 | |a Des conseils pour un potager sain et productif, avec un inventaire détaillé des variétés de plantes à cultiver et des soins à leur prodiguer. | ||
| 700 | 0 | |a Garnaud |b Valérie |4 70 | |
| 701 | 0 | |a Aversencq |b Pierre |4 70 | |
| 900 | |a Documentaire | ||
| 901 | |a Accessible au prêt | ||
| 995 | |a Bibliothèque |c Bibliothèque |f 00156009909805 |h 00156009909805 |k 631.58 GAR |o p |q a |r az |e Bibliothèque | ||
